Les pays frontaliers de l'Italie - Statistiques

Statistiques générales
  • Ce quiz a été pris 91 fois
  • Le résultat moyen est 5 sur 6
Statistiques - réponses
km de frontières Pays % Correct
488 km France
100%
740 km Suisse
98%
3,2 km Vatican
88%
39 km Saint-Marin
84%
232 km Slovénie
81%
430 km Autriche
77%
Aucun quiz correspondant
Distribution des résultats
% des personnes avec chaque résultat
Percentile par nombre de réponses
Votre historique - résultats
Vous n’avez pas pris ce quiz